00708nam a2200169 a 450000100100000000500170001000800410002704000250006808200160009324500540010926000880016330000270025104900090027895201140028795201200040199900170052100003033720200930062249.0110510s2004 dr a 000 0 spa d aDO-SdBNPbspacBNPHU axxxxbT278a00aTemas para ayudar a fortalecer la organización. aSanto Domingo :bCentro de Solidaridad para el Desarrollo de la Mujer:b049,c2004. a21 p. :bil. ;c28 cm. aBNPD 0010718PDaPDbPDcCTd2011-05-10iLF1l0oxxxx T278ap30337-10r2020-06-25w2020-06-25yLFPDZNo se presta 0010718PDaPDbPDcCTd2011-05-10iLF1l0oxxxx T278ap30337-20r2020-06-25te. 2w2020-06-25yLFPDZNo se presta c29829d29829